<?xml version="1.0" encoding="UTF-8"?><?xml-stylesheet type="text/xsl" href="static/style.xsl"?><OAI-PMH xmlns="http://www.openarchives.org/OAI/2.0/" xmlns:xsi="http://www.w3.org/2001/XMLSchema-instance" xsi:schemaLocation="http://www.openarchives.org/OAI/2.0/ http://www.openarchives.org/OAI/2.0/OAI-PMH.xsd"><responseDate>2026-04-28T19:25:29Z</responseDate><request verb="GetRecord" identifier="oai:uvadoc.uva.es:10324/28441" metadataPrefix="marc">https://uvadoc.uva.es/oai/request</request><GetRecord><record><header><identifier>oai:uvadoc.uva.es:10324/28441</identifier><datestamp>2021-06-24T07:44:43Z</datestamp><setSpec>com_10324_31661</setSpec><setSpec>com_10324_952</setSpec><setSpec>com_10324_894</setSpec><setSpec>com_10324_1173</setSpec><setSpec>com_10324_931</setSpec><setSpec>col_10324_31662</setSpec><setSpec>col_10324_1371</setSpec></header><metadata><record xmlns="http://www.loc.gov/MARC21/slim" xmlns:doc="http://www.lyncode.com/xoai" xmlns:xsi="http://www.w3.org/2001/XMLSchema-instance" xmlns:dcterms="http://purl.org/dc/terms/" xsi:schemaLocation="http://www.loc.gov/MARC21/slim http://www.loc.gov/standards/marcxml/schema/MARC21slim.xsd">
<leader>00925njm 22002777a 4500</leader>
<datafield tag="042" ind1=" " ind2=" ">
<subfield code="a">dc</subfield>
</datafield>
<datafield tag="720" ind1=" " ind2=" ">
<subfield code="a">Cabeza Pérez, Pablo</subfield>
<subfield code="e">author</subfield>
</datafield>
<datafield tag="720" ind1=" " ind2=" ">
<subfield code="a">Silva Queiroz, Joao Paulo</subfield>
<subfield code="e">author</subfield>
</datafield>
<datafield tag="720" ind1=" " ind2=" ">
<subfield code="a">Criado, Manuel</subfield>
<subfield code="e">author</subfield>
</datafield>
<datafield tag="720" ind1=" " ind2=" ">
<subfield code="a">Jiménez, Cristina</subfield>
<subfield code="e">author</subfield>
</datafield>
<datafield tag="720" ind1=" " ind2=" ">
<subfield code="a">Bermejo Roda, Maria Dolores</subfield>
<subfield code="e">author</subfield>
</datafield>
<datafield tag="720" ind1=" " ind2=" ">
<subfield code="a">Mato Chaín, Fidel Antonio</subfield>
<subfield code="e">author</subfield>
</datafield>
<datafield tag="720" ind1=" " ind2=" ">
<subfield code="a">Cocero Alonso, María José</subfield>
<subfield code="e">author</subfield>
</datafield>
<datafield tag="260" ind1=" " ind2=" ">
<subfield code="c">2015</subfield>
</datafield>
<datafield tag="520" ind1=" " ind2=" ">
<subfield code="a">The cooled wall reactor has been modified by adding an additional upper outlet of products at 500–700 °C to improve energy recovery and make possible energy generation with the supercritical water oxidation of different waste. Experimental and modeling results of the performance of this new reactor configuration are presented as well as a theoretical analysis of the energy recovery of the reactor compared to other supercritical water oxidation reactors. Different flow distributions were tested to find the best elimination conditions. Total organic carbon removal over 99.99% was obtained at room injection temperatures, when the fraction of products leaving the reactor in the upper effluent is lower than 70% of feed flow. The performance of the reactor was tested with the oxidation of a recalcitrant compound such as ammonia. Removals higher than 99% of were achieved at temperatures near 700 °C. The behavior of the reactor working with feeds with up to 2.5% wt Na2SO4 could be injected in the reactor without plugging problems. Upper effluent always presented a concentration of salt lower than 30 ppm. Theoretical energetic analysis shows that the performance of this reactor is superior to other designs obtaining a maximum power efficiency of 27% (0.339 kW/kg-feed).</subfield>
</datafield>
<datafield tag="024" ind2=" " ind1="8">
<subfield code="a">Energy, 2015, Volume 90, Part 2, pp. 1584-1594</subfield>
</datafield>
<datafield tag="024" ind2=" " ind1="8">
<subfield code="a">0360-5442</subfield>
</datafield>
<datafield tag="024" ind2=" " ind1="8">
<subfield code="a">http://uvadoc.uva.es/handle/10324/28441</subfield>
</datafield>
<datafield tag="024" ind2=" " ind1="8">
<subfield code="a">10.1016/j.energy.2015.06.118</subfield>
</datafield>
<datafield tag="245" ind1="0" ind2="0">
<subfield code="a">Supercritical water oxidation for energy production by hydrothermal flame as internal heat source. Experimental results and energetic study</subfield>
</datafield>
</record></metadata></record></GetRecord></OAI-PMH>